000 00775naa a22002177ar4500
008 150527t xxu||||| |||| 00| 0 tu d
020 _a9786055651237
041 _atur
082 _220
_a372.19076
245 _aSoru bankası etkinlik, ilköğretim 5. sınıf
_btüm dersler
_chazırlayanlar: Etem Özbek, Yusuf Araz
260 _aMalatya
_bÜnlem
_c[2013?]
300 _a224 s.
_brnk. res., şkl.,
_c27 cm.
500 _aEseradı dış kapaktan alınmıştır
505 _aİçindekiler: Türkçe - Matematik - Fen ve teknoloji - Sosyal bilgiler
650 _aTüm dersler
_xİlköğretim hazırlık kitapları
_9595
700 1 _aÖzbek, Etem
_ehaz.
_925418
700 1 _aAraz, Yusuf
_dhaz.
_925419
090 _a372.19076 SOR 2013
942 _cBK
040 _aDevinim
999 _c21901
_d21901